Farmers Perceptions and Challenges of using Irrigation Technologies in Chibombo District, Zambia. (Record no. 2080)
[ view plain ]
| 000 -LEADER | |
|---|---|
| fixed length control field | 00400nam a22001217a 4500 |
| 005 - DATE AND TIME OF LATEST TRANSACTION | |
| control field | 20250910104745.0 |
| 008 - FIXED-LENGTH DATA ELEMENTS--GENERAL INFORMATION | |
| fixed length control field | 250908b |||||||| |||| 00| 0 eng d |
| 040 ## - CATALOGING SOURCE | |
| Original cataloging agency | KMU |
| Transcribing agency | KMU |
| 100 ## - MAIN ENTRY--PERSONAL NAME | |
| Personal name | Mwandwe, Cynthia |
| Relator term | Agroforestry |
| 245 ## - TITLE STATEMENT | |
| Title | Farmers Perceptions and Challenges of using Irrigation Technologies in Chibombo District, Zambia. |
| Statement of responsibility, etc. | Mwandwe, Cynthia |
| 260 ## - PUBLICATION, DISTRIBUTION, ETC. | |
| Place of publication, distribution, etc. | Chinsali: |
| Name of publisher, distributor, etc. | KMU, |
| Date of publication, distribution, etc. | 2012. |
| 942 ## - ADDED ENTRY ELEMENTS (KOHA) | |
| Koha item type | Student Project Report |
| Suppress in OPAC | No |
| Withdrawn status | Lost status | Damaged status | Not for loan | Collection | Home library | Current library | Shelving location | Date acquired | Total Checkouts | Date last seen | Price effective from | Koha item type |
|---|---|---|---|---|---|---|---|---|---|---|---|---|
| Reference | Kapasa Makasa University | Kapasa Makasa University | Reference | 10.09.2025 | 10.09.2025 | 10.09.2025 | Student Project Report |